Vysoké Tatry-Tatr. Lomnica lanovka na Lomnický štít 2634 m

Bibliographic Details
Corporate Author: Grafo Čuda (Holice, Česko) (Photographer)
Format: Postcard
Language:Slovak
PhysicalDescription:1 pohľadnica čiernobiela 9 x 14 cm
Published: Tatr. Lomnica Sport-Korman [1948]
Subjects:

MARC

LEADER 00000nkm a2200000 a 4500
001 vtls010861335
003 SK-MaSNL
005 20260512122743.0
007 kp bo
008 231214q1948 xo g 00 kuslo
015 |a SNBG 
035 |a F90F25C3-5017-49E3-BDEB-296658DD85F3 
035 |a urn:nbn:sk:snk-kmxzto 
035 |a urn:nbn:sk:snk-km007c2f 
040 |a SNK  |b slo  |c SNK  |e AACR2 
041 0 |a slo 
043 |a e-xo--- 
044 |a xo  |c SK 
080 |a 908(437.6)  |2 2001 
080 |a (084.121)  |2 2001 
080 |a (234.372.4)  |2 2008 
245 0 0 |a Vysoké Tatry-Tatr. Lomnica  |h grafika  |b lanovka na Lomnický štít 2634 m 
260 |a Tatr. Lomnica  |b Sport-Korman  |c [1948] 
300 |a 1 pohľadnica  |b čiernobiela  |c 9 x 14 cm 
651 7 |a Vysoké Tatry (Poľsko a Slovensko : pohorie)  |2 SNKPHgeo  |9 67729 
651 7 |a Slovensko  |2 SNKPH  |9 14231 
651 7 |a Lomnický štít (Vysoké Tatry, Slovensko)  |2 SNKPH  |9 19911 
651 7 |a Tatranská Lomnica (Vysoké Tatry, Slovensko)  |2 SNKPH  |9 160914 
655 7 |a miestne pohľadnice  |2 SNKPH  |9 70510 
710 2 |a Grafo Čuda (Holice, Česko)  |4 pht  |9 160884 
752 |a Slovensko  |d Tatranská Lomnica 
852 |a Slovenská národná knižnica 
958 |a GC 
958 |a GBN 
958 |a OND 
999 |c 670539  |d 672469 
952 |a SNK  |b SNK  |y PREZ  |7 0  |p 17A1163988  |o snkSP 4111  |0 0  |1 0  |4 0  |d 2015-08-18  |f 1  |l 0  |r 2026-02-23 19:24:44  |w 2026-02-23